000 00538cam a22002171 4500
001 sa 65002417
003 DLC
005 20260227112116.0
008 890524s1964 ii 000 0 maro
010 _asa 65002417
035 _a(OCoLC)19761195
040 _aDLC
_cWaU
_dDLC
042 _apremarc
050 0 0 _aHQ470.M3
_bG6
100 1 _aGodbole, Dattatraya Balwant.
245 1 0 _aAślīla vāṅmayāviruddha mohīma.
260 _c[1964]
300 _a112 p.
_c18 cm.
500 _aIn Marathi.
650 0 _aErotic literature.
999 _c62617
_d62617